Statistics for Countries Closest to Borneo

Click here to take the quiz!

General Stats

  • This quiz has been taken 1,491 times
  • The average score is 17 of 20

Answer Stats

kmcountrymiles% Correct
1464China910
95%
931Thailand578
95%
882Vietnam548
95%
1593Australia990
94%
1045Cambodia649
94%
1314Laos836
94%
1782India1107
92%
37Philippines23
92%
534Singapore332
90%
1497Myanmar930
88%
2482Papua New Guinea1542
88%
2023Japan1257
87%
1703Taiwan1059
87%
1094Timor-Leste680
86%
3071Sri Lanka1908
81%
2793Bangladesh1736
80%
1646Palau1023
77%
2128Micronesia1322
76%
3061South Korea1902
76%
3332Bhutan2072
75%

Score Distribution

Percentile by Number Answered

Percent of People with Each Score

Your Score History

You have not taken this quiz